| Tag |
First Indicator |
Second Indicator |
Subfields |
| LEADER |
00000cam a2200000Mi 4500 |
| 001 |
in00003566421 |
| 006 |
m o d |
| 007 |
cr nn|008mamaa |
| 008 |
121227s1966 xxu o 000 0 eng |
| 005 |
20260420201303.4 |
| 020 |
|
|
|a 9781468413724 (electronic bk.)
|
| 020 |
|
|
|a 1468413724 (electronic bk.)
|
| 020 |
|
|
|z 1468413724
|
| 024 |
7 |
|
|a 10.1007/978-1-4684-1372-4
|2 doi
|
| 035 |
|
|
|a (OCoLC)859157802
|
| 040 |
|
|
|a Nz
|b eng
|c UV0
|d OCLCO
|d GW5XE
|d OCLCF
|d UtOrBLW
|
| 049 |
|
|
|a TXAM
|
| 050 |
|
4 |
|a TL1-483
|
| 072 |
|
7 |
|a TRC
|2 bicssc
|
| 072 |
|
7 |
|a TRCS
|2 bicssc
|
| 072 |
|
7 |
|a TEC009090
|2 bisacsh
|
| 082 |
0 |
4 |
|a 629.2
|2 23
|
| 100 |
1 |
|
|a Kammermeyer, Karl.
|
| 245 |
1 |
0 |
|a Atmosphere in Space Cabins and Closed Environments /
|c edited by Karl Kammermeyer.
|
| 264 |
|
1 |
|a Boston, MA :
|b Springer US,
|c 1966.
|
| 300 |
|
|
|a 1 online resource.
|
| 336 |
|
|
|a text
|b txt
|2 rdacontent
|
| 337 |
|
|
|a computer
|b c
|2 rdamedia
|
| 338 |
|
|
|a online resource
|b cr
|2 rdacarrier
|
| 500 |
|
|
|a Electronic resource.
|
| 650 |
|
0 |
|a Engineering.
|
| 650 |
|
7 |
|a Engineering.
|2 fast
|0 (OCoLC)fst00910312
|
| 655 |
|
7 |
|a Electronic books.
|2 local
|
| 710 |
2 |
|
|a SpringerLink (Online service)
|
| 776 |
1 |
8 |
|i Print version:
|z 9781468413748
|
| 856 |
4 |
0 |
|u http://proxy.library.tamu.edu/login?url=https://link.springer.com/10.1007/978-1-4684-1372-4
|z Connect to the full text of this electronic book
|t 0
|
| 994 |
|
|
|a 92
|b TXA
|
| 999 |
|
|
|a MARS
|
| 999 |
f |
f |
|s b074fe87-c0c2-34c4-8b37-0927bf9a43fb
|i 1b6c0851-2196-3aef-86e3-0fb0fa30b38f
|t 0
|
| 952 |
f |
f |
|a Texas A&M University
|b College Station
|c Electronic Resources
|s www_evans
|d Available Online
|t 0
|e TL1-483
|h Library of Congress classification
|
| 998 |
f |
f |
|a TL1-483
|t 0
|l Available Online
|